Miasta po obrazku - Statystyki

Ogólne statystyki
  • Ten quiz został rozwiązany 27 razy
  • Średni wynik to 10 z 16
Statystyki odpowiedzi
Obrazkowy Odpowiedź % Poprawnych
Warszawa
100%
Gdańsk
95%
Gdynia
89%
Kraków
89%
Poznań
84%
Wrocław
84%
Zakopane
84%
Bydgoszcz
63%
Lublin
58%
Szczecin
58%
Białystok
53%
Olsztyn
37%
Świnoujście
32%
Zielona góra
32%
Kalisz
11%
Koszalin
11%
Nie znaleziono quizów pasujących do podanych kryteriów
Rozkład punktacji
Procent ludzi z każdym wynikiem
Percentyl według liczby udzielonych odpowiedzi
Twoja historia wyników
Nie rozwiązałeś tego quizu